[Event "BPB Limburg-open C"]
[Site "Maastricht"]
[Date "2015.05.22"]
[Round "1"]
[White "Cheng, Fon Kee"]
[Black "Schulte, Philipp"]
[Result "1/2-1/2"]
[WhiteElo "1235"]
[BlackElo "1442"]
[PlyCount "60"]
[EventDate "2015.05.22"]
[EventType "swiss"]
[EventRounds "7"]
[EventCountry "NED"]
[Source "P.Boonen"]
[SourceDate "2015.01.01"]

1. e4 c5 2. Nf3 Nc6 3. Bc4 e6 4. Nc3 Nf6 5. d4 cxd4 6. Nxd4 Be7 7. Ndb5 d6 8.
O-O a6 9. Nd4 e5 10. Nf5 Bxf5 11. exf5 b5 12. Bb3 Nd4 13. Bd5 Nxd5 14. Nxd5
Nxf5 15. g4 Nd4 16. c3 Ne6 17. Be3 Rb8 18. Ba7 Rb7 19. Be3 O-O 20. a4 Bg5 21.
axb5 axb5 22. Ra6 Bxe3 23. Nxe3 Rb6 24. Ra7 Qb8 25. Rd7 Nc5 26. Re7 Rd8 27. Qf3
f6 28. Qd5+ Kh8 29. Qf7 Rg8 30. Nf5 Rb7 1/2-1/2

[Event "BPB Limburg-open C"]
[Site "Maastricht"]
[Date "2015.05.22"]
[Round "1"]
[White "Daemen, Jules"]
[Black "Van Kanten, Brian"]
[Result "1/2-1/2"]
[WhiteElo "1688"]
[BlackElo "1564"]
[PlyCount "149"]
[EventDate "2015.05.22"]
[EventType "swiss"]
[EventRounds "7"]
[EventCountry "NED"]
[Source "P.Boonen"]
[SourceDate "2015.01.01"]

1. Nc3 c5 2. g3 d5 3. Bg2 Nf6 4. d3 Nc6 5. e4 d4 6. Nce2 Qb6 7. f4 e6 8. Nf3
Be7 9. O-O O-O 10. c3 dxc3 11. bxc3 Rd8 12. Kh1 Nxe4 13. Qc2 Nf6 14. Be3 Qa6
15. Rfd1 Ng4 16. Bg1 Rb8 17. Rab1 Bd7 18. h3 Nf6 19. Rb2 Be8 20. d4 cxd4 21.
Nfxd4 Nxd4 22. Nxd4 Ba4 23. Nb3 Rxd1 24. Qxd1 Rd8 25. Qb1 Bc6 26. Nd4 Bxg2+ 27.
Kxg2 b6 28. Kh2 Qb7 29. Qe1 Ba3 30. Re2 Bc5 31. f5 exf5 32. Nxf5 Bxg1+ 33. Kxg1
Qd7 34. g4 Kf8 35. Re7 Qd1 36. Nd4 Qxe1+ 37. Rxe1 Rc8 38. Rc1 Rc4 39. Nf5 Rc8
40. Nd6 Rd8 41. Nb5 a6 42. Nc7 a5 43. Rb1 Rd6 44. Na8 Nd7 45. a4 Ke7 46. Nc7
Nc5 47. Rxb6 Nxa4 48. Rb7 Rd1+ 49. Kf2 Kf6 50. Ne8+ Kg6 51. h4 h6 52. c4 Rd4
53. h5+ Kh7 54. Rxf7 Kg8 55. Rc7 Rxg4 56. c5 Rg5 57. c6 Rf5+ 58. Ke3 Re5+ 59.
Kd4 Rxe8 60. Kd5 Nb6+ 61. Kd6 Kf8 62. Rb7 Nc8+ 63. Kd7 a4 64. Rb8 a3 65. Rb3
Re7+ 66. Kxc8 Ra7 67. Rb1 a2 68. Ra1 Ke7 69. Kb8 Ra3 70. c7 Rb3+ 71. Kc8 Rb2
72. Re1+ Kf7 73. Kd8 Rd2+ 74. Kc8 Rb2 75. Kd8 1/2-1/2

[Event "BPB Limburg-open C"]
[Site "Maastricht"]
[Date "2015.05.22"]
[Round "1"]
[White "Daems, Jan"]
[Black "Van Dalen, Maiko"]
[Result "1-0"]
[WhiteElo "1099"]
[BlackElo "1381"]
[PlyCount "101"]
[EventDate "2015.05.22"]
[EventType "swiss"]
[EventRounds "7"]
[EventCountry "NED"]
[Source "P.Boonen"]
[SourceDate "2015.01.01"]

1. e4 e5 2. Bc4 Nf6 3. d3 d5 4. exd5 Nxd5 5. a3 Nc6 6. Nc3 Be6 7. Nxd5 Bxd5 8.
Bxd5 Qxd5 9. Qf3 Qe6 10. Be3 f5 11. O-O-O O-O-O 12. Kb1 f4 13. Bd2 Bc5 14. Ne2
g5 15. h3 h5 16. g4 Qd5 17. Qxd5 Rxd5 18. Nc3 Rd7 19. Ne4 Bb6 20. gxh5 Rf8 21.
f3 Rh7 22. Nxg5 Rxh5 23. h4 Bf2 24. Be1 Bxe1 25. Rdxe1 Nd4 26. c3 Nc6 27. Re2
Re8 28. b4 a6 29. a4 b5 30. axb5 axb5 31. d4 Kd7 32. d5 Nd8 33. Ne4 Rh6 34. Ra2
Nf7 35. Ra5 Rb8 36. h5 Nd6 37. Ng5 Nc4 38. Ra2 c6 39. dxc6+ Kxc6 40. Ra6+ Rb6
41. Rxb6+ Kxb6 42. Kc2 Kc6 43. Kd3 Nd6 44. Ne4 Kd5 45. Rg1 Nxe4 46. fxe4+ Kc6
47. Rg6+ Rxg6 48. hxg6 f3 49. Ke3 Kd7 50. g7 f2 51. Kxf2 1-0

[Event "BPB Limburg-open C"]
[Site "Maastricht"]
[Date "2015.05.22"]
[Round "1"]
[White "De Bruin, Joost"]
[Black "Hillenkamp, Melchior"]
[Result "1-0"]
[WhiteElo "1724"]
[BlackElo "1603"]
[PlyCount "32"]
[EventDate "2015.05.22"]
[EventType "swiss"]
[EventRounds "7"]
[EventCountry "NED"]
[Source "P.Boonen"]
[SourceDate "2015.01.01"]

1. e4 e6 2. d4 d5 3. e5 c5 4. c3 Nc6 5. Nf3 Bd7 6. Bd3 Qb6 7. O-O cxd4 8. cxd4
Nxd4 9. Nxd4 Qxd4 10. Nc3 Bb4 11. Nb5 Qxe5 12. Qg4 Ba5 13. Bf4 Qxb2 14. Bc7 Nf6
15. Qxg7 Rg8 16. Nd6+ Ke7 1-0

[Event "BPB Limburg-open C"]
[Site "Maastricht"]
[Date "2015.05.22"]
[Round "1"]
[White "De Goede, Jose"]
[Black "Oosterlinck, Freddy"]
[Result "0-1"]
[WhiteElo "952"]
[BlackElo "1356"]
[PlyCount "32"]
[EventDate "2015.05.22"]
[EventType "swiss"]
[EventRounds "7"]
[EventCountry "NED"]
[Source "P.Boonen"]
[SourceDate "2015.01.01"]

1. e4 e5 2. Nf3 Nc6 3. Bb5 Nf6 4. d3 Be7 5. Be3 O-O 6. Nc3 d5 7. exd5 Nxd5 8.
Ne4 Nxe3 9. fxe3 Bg4 10. h3 Bd7 11. d4 Bh4+ 12. g3 Be7 13. dxe5 f5 14. Qd5+ Kh8
15. e6 Nb4 16. Qc4 Bxb5 {Here white played the illegal move 17.0-0-0, which
wasn't noticed. The game continued 17...,Bxc4 18.Nc3 Qc8 19.b3 Bxe6 20.h4 Bf6
21.Nd4 c5 22.Nb5 Qc6 23.a3 Na2+ 24.Kb2 Nxc3 25.Nxc3 a5 26.h5 a4 27.b4 cxb4 28.
axb4 Bxc3+ 29.Ka3 Qc4 30 Rb1 Qa2#} 0-1

[Event "BPB Limburg-open C"]
[Site "Maastricht"]
[Date "2015.05.22"]
[Round "1"]
[White "De Schepper, Marcel"]
[Black "Lennartz, Tim"]
[Result "1-0"]
[WhiteElo "1660"]
[BlackElo "1533"]
[PlyCount "69"]
[EventDate "2015.05.22"]
[EventType "swiss"]
[EventRounds "7"]
[EventCountry "NED"]
[Source "P.Boonen"]
[SourceDate "2015.01.01"]

1. d4 Nf6 2. c4 g6 3. Nc3 Bg7 4. e4 d6 5. Be2 O-O 6. Nf3 Ne8 7. O-O f5 8. Qb3
fxe4 9. Nxe4 Bf5 10. Qxb7 Nd7 11. Ng3 Bg4 12. Re1 Nb6 13. c5 Nd7 14. Qb3+ Kh8
15. h3 Rb8 16. Qa3 Bxf3 17. Bxf3 e5 18. c6 Nb6 19. d5 Nc4 20. Qxa7 Nxb2 21.
Bxb2 Rxb2 22. Rab1 Rxb1 23. Rxb1 Nf6 24. Rb7 h5 25. Rxc7 h4 26. Ne4 Nxe4 27.
Bxe4 Qf6 28. Rb7 Rc8 29. c7 Qf7 30. Rb8 Rf8 31. Rxf8+ Bxf8 32. Qb6 Qd7 33. Qc6
Qc8 34. Bxg6 Be7 35. Qe8+ 1-0

[Event "BPB Limburg-open C"]
[Site "Maastricht"]
[Date "2015.05.22"]
[Round "1"]
[White "Elisen, Peter"]
[Black "Nissel, Andreas"]
[Result "1-0"]
[WhiteElo "1500"]
[BlackElo "1628"]
[PlyCount "51"]
[EventDate "2015.05.22"]
[EventType "swiss"]
[EventRounds "7"]
[EventCountry "NED"]
[Source "P.Boonen"]
[SourceDate "2015.01.01"]

1. d4 Nf6 2. g3 c6 3. Bg2 d5 4. c4 e6 5. Nf3 Bd6 6. O-O O-O 7. Nc3 Nbd7 8. e3
dxc4 9. a4 Rb8 10. Qe2 b5 11. axb5 cxb5 12. Rd1 a5 13. Ne5 Qc7 14. Nc6 Rb6 15.
Nxa5 Bb4 16. Bd2 e5 17. d5 Nc5 18. Nc6 Bxc3 19. Bxc3 Nd3 20. Ba5 Ng4 21. Rxd3
cxd3 22. Qxd3 Qb7 23. Bxb6 Qxb6 24. Ne7+ Kh8 25. Nxc8 Rxc8 26. Qf5 1-0

[Event "BPB Limburg-open C"]
[Site "Maastricht"]
[Date "2015.05.22"]
[Round "1"]
[White "Godde, Matthias"]
[Black "Reyskens, Jules"]
[Result "1-0"]
[WhiteElo "1562"]
[BlackElo "1688"]
[PlyCount "65"]
[EventDate "2015.05.22"]
[EventType "swiss"]
[EventRounds "7"]
[EventCountry "NED"]
[Source "P.Boonen"]
[SourceDate "2015.01.01"]

1. d4 Nf6 2. c4 g6 3. Nc3 d5 4. cxd5 Nxd5 5. e4 Nxc3 6. bxc3 Bg7 7. Nf3 O-O 8.
Bd3 c5 9. Bb2 Nc6 10. d5 Ne5 11. Nxe5 Bxe5 12. O-O Qc7 13. h3 Bd7 14. Qd2 Bg7
15. c4 Bxb2 16. Qxb2 Rab8 17. e5 a6 18. Rfe1 Qc8 19. Qb6 Rd8 20. Rab1 Kg7 21.
e6 fxe6 22. dxe6 Be8 23. Be4 Rd6 24. Qb2+ Kg8 25. Re3 b5 26. Rf3 Rd4 27. Qc1
Qd8 28. Qh6 Rd1+ 29. Rxd1 Qxd1+ 30. Kh2 Qd6+ 31. g3 Bc6 32. Rf7 Qe5 33. Qxh7#
1-0

[Event "BPB Limburg-open C"]
[Site "Maastricht"]
[Date "2015.05.22"]
[Round "1"]
[White "Godding, Mick"]
[Black "Ratzkowski, Dirk"]
[Result "0-1"]
[WhiteElo "1616"]
[BlackElo "1749"]
[PlyCount "56"]
[EventDate "2015.05.22"]
[EventType "swiss"]
[EventRounds "7"]
[EventCountry "NED"]
[Source "P.Boonen"]
[SourceDate "2015.01.01"]

1. e4 e5 2. Nf3 Nf6 3. Bc4 Nxe4 4. d3 Nf6 5. Nxe5 d5 6. Bb3 Bd6 7. Bf4 O-O 8.
O-O Ng4 9. Nxg4 Bxf4 10. Qf3 Qg5 11. Ne3 c6 12. Nc3 Bc7 13. Rae1 Qh6 14. h3 Qd6
15. g3 Bxh3 16. Ng2 Qh6 17. Re7 Nd7 18. Rfe1 Bd6 19. R7e2 Nf6 20. Qe3 g5 21. f4
Bxg2 22. Rxg2 Rfe8 23. Qd2 Bc5+ 24. Rf2 Ng4 25. Rxe8+ Rxe8 26. d4 Bxd4 27. Qxd4
Re1+ 28. Kg2 Qh1# 0-1

[Event "BPB Limburg-open C"]
[Site "Maastricht"]
[Date "2015.05.22"]
[Round "1"]
[White "Haarsma, Rob"]
[Black "Weidema, Luuk"]
[Result "1-0"]
[WhiteElo "1421"]
[BlackElo "1189"]
[PlyCount "39"]
[EventDate "2015.05.22"]
[EventType "swiss"]
[EventRounds "7"]
[EventCountry "NED"]
[Source "P.Boonen"]
[SourceDate "2015.01.01"]

1. e4 e5 2. d4 Nc6 3. c3 d6 4. Nf3 Nf6 5. d5 Ne7 6. Nbd2 Bg4 7. Be2 c6 8. c4
Qa5 9. O-O cxd5 10. cxd5 Ng6 11. Nc4 Qb4 12. Be3 Nxe4 13. a3 Nc3 14. bxc3 Qxc3
15. Rc1 Qxc1 16. Bxc1 Be7 17. Ng5 Bf5 18. Bg4 Bxg4 19. Qxg4 h6 20. Ne4 1-0

[Event "BPB Limburg-open C"]
[Site "Maastricht"]
[Date "2015.05.22"]
[Round "1"]
[White "Hauffe, Frank"]
[Black "Ratniece, Laura"]
[Result "1/2-1/2"]
[WhiteElo "1703"]
[BlackElo "1571"]
[PlyCount "74"]
[EventDate "2015.05.22"]
[EventType "swiss"]
[EventRounds "7"]
[EventCountry "NED"]
[Source "P.Boonen"]
[SourceDate "2015.01.01"]

1. d4 Nf6 2. e3 g6 3. Nf3 Bg7 4. Bd3 O-O 5. O-O d6 6. Nbd2 Nbd7 7. c3 e5 8. e4
Bh6 9. Nc4 Bxc1 10. Rxc1 Qe7 11. Re1 Nh5 12. Ne3 Nf4 13. Nd5 Nxd5 14. exd5 f6
15. Qb3 Kh8 16. Qc2 Qg7 17. c4 exd4 18. Nxd4 Ne5 19. f4 Nxd3 20. Qxd3 Bd7 21.
Ne6 Bxe6 22. Rxe6 f5 23. Qc3 Qxc3 24. Rxc3 Rae8 25. Rce3 Rxe6 26. Rxe6 Rf7 27.
Kf2 Kg7 28. Ke3 Kf8 29. Kd4 Re7 30. Rxe7 Kxe7 31. b4 b6 32. a4 Kf6 33. h4 h6
34. g3 h5 35. c5 Ke7 36. Kc4 a6 37. c6 Kd8 1/2-1/2

[Event "BPB Limburg-open C"]
[Site "Maastricht"]
[Date "2015.05.22"]
[Round "1"]
[White "Heman, Frans"]
[Black "Beukema, Christiaan"]
[Result "0-1"]
[WhiteElo "1620"]
[BlackElo "1470"]
[PlyCount "74"]
[EventDate "2015.05.22"]
[EventType "swiss"]
[EventRounds "7"]
[EventCountry "NED"]
[Source "P.Boonen"]
[SourceDate "2015.01.01"]

1. f4 d5 2. Nf3 Nc6 3. e3 Nf6 4. Bb5 a6 5. Bxc6+ bxc6 6. b3 Bb7 7. d3 c5 8. O-O
e6 9. Ne5 Nd7 10. Bb2 Nxe5 11. Bxe5 d4 12. f5 f6 13. Qh5+ Ke7 14. fxe6 Kxe6 15.
Bg3 Bd6 16. Bh4 dxe3 17. Re1 Be5 18. Rxe3 Qd4 19. Kf2 Qxa1 20. Nd2 Qd4 21. Bg3
g6 22. Qh3+ Kf7 23. Bxe5 fxe5 24. Nc4 Rae8 25. Ke2 h5 26. Qg3 Qg4+ 27. Qxg4
hxg4 28. Nxe5+ Kg7 29. Nxg4 Rxe3+ 30. Kxe3 Bxg2 31. d4 cxd4+ 32. Kf2 Be4 33.
Ke2 Rh4 34. h3 Rxh3 35. Nf2 Rh2 36. Kf1 Rxf2+ 37. Kxf2 Bxc2 0-1

[Event "BPB Limburg-open C"]
[Site "Maastricht"]
[Date "2015.05.22"]
[Round "1"]
[White "Heuts, Guido"]
[Black "Harder, Cindy"]
[Result "1-0"]
[WhiteElo "1320"]
[BlackElo "900"]
[PlyCount "82"]
[EventDate "2015.05.22"]
[EventType "swiss"]
[EventRounds "7"]
[EventCountry "NED"]
[Source "P.Boonen"]
[SourceDate "2015.01.01"]

1. d4 d5 2. c4 c6 3. Nc3 Bf5 4. Bf4 Nd7 5. e3 Qa5 6. Be2 Ngf6 7. h3 g6 8. Nf3
Bg7 9. O-O O-O 10. a3 Ne4 11. Nxe4 Bxe4 12. b4 Qa6 13. cxd5 b5 14. dxc6 Qxc6
15. Rc1 Qd5 16. Bd3 Nf6 17. Bxe4 Qxe4 18. Ng5 Qf5 19. Rc5 Qd7 20. Qf3 h6 21.
Rc7 Qf5 22. Rc5 Qd3 23. Rd1 Qxa3 24. Ne4 Qxb4 25. Nc3 Nd7 26. Rb1 Qa5 27. Rbxb5
Qa1+ 28. Rb1 Qa3 29. Rc7 Nb6 30. Ne4 Nd5 31. Rcc1 Rfc8 32. Rxc8+ Rxc8 33. Rb8
Qc1+ 34. Kh2 Nb6 35. Rb7 Qa1 36. Nc5 a5 37. Rxe7 Bf8 38. Rb7 Bxc5 39. dxc5 Rxc5
40. Bxh6 Rc1 41. Qxf7+ Kh8 1-0

[Event "BPB Limburg-open C"]
[Site "Maastricht"]
[Date "2015.05.22"]
[Round "1"]
[White "Janssen, Valerie"]
[Black "Muntean, Felix"]
[Result "0-1"]
[WhiteElo "1271"]
[BlackElo "900"]
[PlyCount "56"]
[EventDate "2015.05.22"]
[EventType "swiss"]
[EventRounds "7"]
[EventCountry "NED"]
[Source "P.Boonen"]
[SourceDate "2015.01.01"]

1. d4 d5 2. c4 dxc4 3. Nc3 Nf6 4. e3 Bf5 5. Bxc4 e6 6. Nf3 Nc6 7. Qb3 Nb4 8.
O-O Bc2 9. Qa3 Nc6 10. b4 Bxb4 11. Qb2 Bxc3 12. Qxc3 Be4 13. Be2 O-O 14. Bd2
Nd5 15. Qb3 a5 16. Qxb7 Ncb4 17. Qb5 Nc2 18. Rab1 Na3 19. Qb3 Nxb1 20. Rxb1
Bxb1 21. Qxb1 Rb8 22. Qe1 Rb2 23. Bxa5 Qb8 24. a4 Rb1 25. Bd1 Nb4 26. Ne5 Rd8
27. Bxb4 Qxb4 28. Qxb4 Rxd1+ 0-1

[Event "BPB Limburg-open C"]
[Site "Maastricht"]
[Date "2015.05.22"]
[Round "1"]
[White "Karsten, Simon"]
[Black "Werkhoven, Gerard"]
[Result "1-0"]
[WhiteElo "1666"]
[BlackElo "1546"]
[PlyCount "71"]
[EventDate "2015.05.22"]
[EventType "swiss"]
[EventRounds "7"]
[EventCountry "NED"]
[Source "P.Boonen"]
[SourceDate "2015.01.01"]

1. e4 c5 2. Nf3 d6 3. Bb5+ Bd7 4. Bxd7+ Nxd7 5. O-O Ngf6 6. Re1 Qc7 7. c3 Rc8
8. d3 g6 9. Nbd2 Bg7 10. Nf1 O-O 11. Ng3 b5 12. Bd2 Qb8 13. Qe2 Ne8 14. Ng5 Nc7
15. h4 d5 16. exd5 Nxd5 17. Ne6 Rfe8 18. Nxg7 Kxg7 19. h5 Qb6 20. Kh2 Rc6 21.
Qg4 N7f6 22. Qg5 Kh8 23. hxg6 fxg6 24. Rh1 e5 25. Kg1 Ng8 26. Re1 Rce6 27. Qh4
Qb7 28. Ne4 Nf4 29. Bxf4 exf4 30. Qxf4 Qe7 31. Rd1 Nf6 32. Ng5 Re1+ 33. Kh2
Rxd1 34. Rxd1 Qe5 35. g3 Qe2 36. Qxf6+ 1-0

[Event "BPB Limburg-open C"]
[Site "Maastricht"]
[Date "2015.05.22"]
[Round "1"]
[White "Kokolakis, Panagiotis"]
[Black "Wiedenbruch, Paul"]
[Result "1-0"]
[WhiteElo "1379"]
[BlackElo "1045"]
[PlyCount "63"]
[EventDate "2015.05.22"]
[EventType "swiss"]
[EventRounds "7"]
[EventCountry "NED"]
[Source "P.Boonen"]
[SourceDate "2015.01.01"]

1. e4 e5 2. Nf3 Nf6 3. Nxe5 d6 4. Nf3 Bg4 5. d3 h6 6. Be2 Be7 7. Be3 O-O 8.
Nbd2 c6 9. h3 Bh5 10. c3 d5 11. e5 Nfd7 12. d4 Nb6 13. Qc2 N8d7 14. Bd3 Nc4 15.
Nxc4 dxc4 16. Bxc4 Bxf3 17. gxf3 b5 18. Bd3 Bg5 19. Rg1 Bxe3 20. fxe3 Qh4+ 21.
Qf2 Qxh3 22. Qg3 Qxg3+ 23. Rxg3 Rae8 24. Be4 Nb8 25. Kd2 Rd8 26. Rag1 g5 27.
Bf5 Nd7 28. f4 a6 29. Bxd7 Rxd7 30. fxg5 hxg5 31. Rxg5+ Kh7 32. Rh1# 1-0

[Event "BPB Limburg-open C"]
[Site "Maastricht"]
[Date "2015.05.22"]
[Round "1"]
[White "Koolen, Tom"]
[Black "Deckers, Mano"]
[Result "1-0"]
[WhiteElo "900"]
[BlackElo "1309"]
[PlyCount "57"]
[EventDate "2015.05.22"]
[EventType "swiss"]
[EventRounds "7"]
[EventCountry "NED"]
[Source "P.Boonen"]
[SourceDate "2015.01.01"]

1. e4 e5 2. Nf3 f6 3. Bc4 Ne7 4. c3 h5 5. Qb3 d6 6. Bf7+ Kd7 7. d4 c6 8. d5 Kc7
9. Be3 c5 10. Na3 a6 11. Nc4 b5 12. Na5 Kb6 13. Qa3 Qc7 14. c4 b4 15. Qxb4+ Ka7
16. Qa3 g5 17. b4 Nd7 18. Nc6+ Nxc6 19. dxc6 Nb6 20. bxc5 dxc5 21. Bd5 Nxd5 22.
cxd5 Bd6 23. Bxc5+ Bxc5 24. Qxc5+ Qb6 25. Qe7+ Kb8 26. O-O Qc7 27. Rab1+ Bb7
28. Rxb7+ Qxb7 29. Qxb7# 1-0

[Event "BPB Limburg-open C"]
[Site "Maastricht"]
[Date "2015.05.22"]
[Round "1"]
[White "Krug, Franz-Dieter"]
[Black "Akulova, Alicia"]
[Result "1/2-1/2"]
[WhiteElo "1639"]
[BlackElo "1514"]
[PlyCount "53"]
[EventDate "2015.05.22"]
[EventType "swiss"]
[EventRounds "7"]
[EventCountry "NED"]
[Source "P.Boonen"]
[SourceDate "2015.01.01"]

1. d4 d5 2. Nf3 e6 3. Bg5 Nf6 4. e3 Nbd7 5. c4 Be7 6. cxd5 exd5 7. Bd3 O-O 8.
O-O Re8 9. Nc3 Nf8 10. h3 c6 11. Bf4 Nh5 12. Bh2 Bd6 13. Bxd6 Qxd6 14. Ne5 Qh6
15. Qf3 Re7 16. Ne2 Ne6 17. Ng4 Qg5 18. Ng3 Nxg3 19. Qxg3 f5 20. Bxf5 Nxd4 21.
Bxh7+ Kxh7 22. exd4 Bxg4 23. hxg4 Re4 24. Qd3 Kg8 25. f3 Qe3+ 26. Qxe3 Rxe3 27.
Rad1 1/2-1/2

[Event "BPB Limburg-open C"]
[Site "Maastricht"]
[Date "2015.05.22"]
[Round "1"]
[White "Kusse, Marcel"]
[Black "Eijkenboom, Raph"]
[Result "1/2-1/2"]
[WhiteElo "1520"]
[BlackElo "1226"]
[PlyCount "28"]
[EventDate "2015.05.22"]
[EventType "swiss"]
[EventRounds "7"]
[EventCountry "NED"]
[Source "P.Boonen"]
[SourceDate "2015.01.01"]

1. e4 c5 2. Nf3 Nc6 3. Bb5 Qc7 4. c3 Nf6 5. d3 g6 6. Be3 d6 7. h3 Bg7 8. Na3 a6
9. Bxc6+ Qxc6 10. Qd2 Nd7 11. Bh6 Bf6 12. Bg5 Bg7 13. Bh6 Bf6 14. Bg5 Bg7
1/2-1/2

[Event "BPB Limburg-open C"]
[Site "Maastricht"]
[Date "2015.05.22"]
[Round "1"]
[White "Lemmens, Paul"]
[Black "Lammes, Pim"]
[Result "0-1"]
[WhiteElo "1513"]
[BlackElo "1631"]
[PlyCount "60"]
[EventDate "2015.05.22"]
[EventType "swiss"]
[EventRounds "7"]
[EventCountry "NED"]
[Source "P.Boonen"]
[SourceDate "2015.01.01"]

1. e4 e5 2. Nf3 Nc6 3. Bc4 Bc5 4. c3 Nf6 5. d3 d6 6. O-O Bg4 7. Nbd2 O-O 8. b4
Bb6 9. Qc2 a6 10. Bb2 h6 11. Rad1 Re8 12. Rfe1 Nh7 13. d4 exd4 14. cxd4 Ng5 15.
Qb3 Re7 16. Nxg5 hxg5 17. Nf3 Qd7 18. h3 Bh5 19. b5 Na5 20. Qc3 Nxc4 21. Qxc4
Bxf3 22. gxf3 axb5 23. Qd5 Re6 24. a3 Rh6 25. Kf1 Ba5 26. Re3 c6 27. Qxg5 Qxh3+
28. Ke2 Bd8 29. Qg3 Qxg3 30. fxg3 Rh2+ 0-1

[Event "BPB Limburg-open C"]
[Site "Maastricht"]
[Date "2015.05.22"]
[Round "1"]
[White "Lennartz, Ludwig"]
[Black "Snyers, Antoine"]
[Result "1-0"]
[WhiteElo "1668"]
[BlackElo "1556"]
[PlyCount "101"]
[EventDate "2015.05.22"]
[EventType "swiss"]
[EventRounds "7"]
[EventCountry "NED"]
[Source "P.Boonen"]
[SourceDate "2015.01.01"]

1. e4 c5 2. Nf3 Nc6 3. d4 cxd4 4. Nxd4 g6 5. Be3 Nf6 6. f3 d5 7. Bb5 Qc7 8. Nc3
Bd7 9. exd5 Nxd4 10. Qxd4 Bg7 11. Qa4 O-O 12. O-O Rfd8 13. Rad1 a6 14. Bxd7
Rxd7 15. Qb3 Qe5 16. Rfe1 Qf5 17. Bc5 e6 18. Bd4 exd5 19. Bxf6 Bxf6 20. Nxd5
Rad8 21. Nxf6+ Qxf6 22. Rxd7 Rxd7 23. Re8+ Kg7 24. Qb4 Qd4+ 25. Qxd4+ Rxd4 26.
Re2 Rd1+ 27. Kf2 Ra1 28. a3 a5 29. Ke3 Rd1 30. Rd2 Re1+ 31. Kd4 Kf6 32. Kc5 Kf5
33. Kb6 Kf4 34. Kxb7 Ke3 35. Rd7 Rb1 36. b3 a4 37. b4 Rc1 38. Rc7 Ra1 39. b5
Rxa3 40. b6 Kd2 41. Kc8 Re3 42. b7 a3 43. Rd7+ Kxc2 44. b8=Q Re8+ 45. Rd8 Rxd8+
46. Kxd8 a2 47. Qc7+ Kb2 48. Qb6+ Kc3 49. Qf6+ Kc2 50. Qa1 h5 51. Kc7 1-0

[Event "BPB Limburg-open C"]
[Site "Maastricht"]
[Date "2015.05.22"]
[Round "1"]
[White "Mang, Dalya"]
[Black "De Cocq, Marc"]
[Result "0-1"]
[WhiteElo "900"]
[BlackElo "1277"]
[PlyCount "130"]
[EventDate "2015.05.22"]
[EventType "swiss"]
[EventRounds "7"]
[EventCountry "NED"]
[Source "P.Boonen"]
[SourceDate "2015.01.01"]

1. d4 d5 2. Nf3 Nf6 3. Bf4 Bg4 4. e3 Nc6 5. c4 e6 6. Nc3 Bb4 7. Bd3 a6 8. O-O
Qd7 9. h3 Bf5 10. Re1 Ne4 11. Bxe4 Bxe4 12. c5 O-O 13. a3 Bxc3 14. bxc3 Na5 15.
Ng5 Bf5 16. Qh5 Nc4 17. a4 c6 18. Rac1 Nb2 19. Ra1 Nd3 20. Re2 Nxf4 21. exf4
Qc7 22. Qh4 Qe7 23. Nf3 Qc7 24. Rae1 Qa5 25. Ng5 Rfe8 26. Qh5 Bg6 27. Qh4 Qxc3
28. Re3 Qxd4 29. Rg3 Qc3 30. Rxc3 Rab8 31. Rg3 b5 32. axb5 axb5 33. Ree3 b4 34.
Rg4 b3 35. Rxb3 Rxb3 36. Rg3 Rb1+ 37. Kh2 d4 38. Ra3 d3 39. Ra4 d2 40. Rd4 d1=Q
41. Rxd1 Rxd1 42. Qg3 Rc1 43. Qa3 Rc2 44. Qa4 Rxc5 45. Qa7 Rc2 46. f3 c5 47. f5
exf5 48. Qd7 Rce2 49. Kg3 h6 50. Nxf7 Bxf7 51. Qd3 c4 52. Qxf5 c3 53. h4 c2 54.
Qc5 Bb3 55. Qc6 Re1 56. f4 c1=Q 57. Qxc1 Rxc1 58. h5 Bd5 59. f5 Rc4 60. f6 gxf6
61. Kf2 Re5 62. g4 Be6 63. g5 Rxg5 64. Ke1 Rg2 65. Kd1 Rh4 0-1

[Event "BPB Limburg-open C"]
[Site "Maastricht"]
[Date "2015.05.22"]
[Round "1"]
[White "Mohammadi Nia, Borna"]
[Black "Vossen, Patrick"]
[Result "0-1"]
[WhiteElo "1241"]
[BlackElo "1453"]
[PlyCount "80"]
[EventDate "2015.05.22"]
[EventType "swiss"]
[EventRounds "7"]
[EventCountry "NED"]
[Source "P.Boonen"]
[SourceDate "2015.01.01"]

1. e4 c6 2. Nf3 d5 3. Nc3 e6 4. d3 Bb4 5. Bd2 Nf6 6. a3 Bxc3 7. Bxc3 dxe4 8.
dxe4 O-O 9. Qxd8 Rxd8 10. Bxf6 gxf6 11. Bd3 e5 12. O-O-O Be6 13. Be2 Nd7 14.
Nh4 Nf8 15. Nf5 Ng6 16. Rxd8+ Rxd8 17. Rd1 Rxd1+ 18. Kxd1 Bxf5 19. exf5 Nh4 20.
g4 Ng2 21. c4 Nf4 22. Bf1 Kf8 23. Kc2 Ke7 24. b3 Kd6 25. b4 b6 26. Kb3 c5 27.
b5 e4 28. Kc3 Ke5 29. a4 h5 30. h3 h4 31. Kc2 Kd4 32. Kb3 Nd3 33. Bxd3 exd3 34.
f4 Ke3 35. g5 fxg5 36. fxg5 d2 37. Kc2 Ke2 38. g6 d1=Q+ 39. Kb2 fxg6 40. fxg6
Qg1 0-1

[Event "BPB Limburg-open C"]
[Site "Maastricht"]
[Date "2015.05.22"]
[Round "1"]
[White "Mohammadi Nia, Nosratollah"]
[Black "Schoffelen, Jan"]
[Result "0-1"]
[WhiteElo "1168"]
[BlackElo "1410"]
[PlyCount "98"]
[EventDate "2015.05.22"]
[EventType "swiss"]
[EventRounds "7"]
[EventCountry "NED"]
[Source "P.Boonen"]
[SourceDate "2015.01.01"]

1. d4 d5 2. Nc3 Bf5 3. Bf4 c6 4. Nf3 Nf6 5. g3 h6 6. Bg2 e6 7. O-O Bd6 8. Ne5
Bxe5 9. Bxe5 Nbd7 10. Bd6 Nb6 11. Be5 O-O 12. f3 Nc4 13. Qc1 Nd7 14. b3 Ncxe5
15. dxe5 Nxe5 16. e4 Bh7 17. Qb2 Qf6 18. f4 Nd7 19. e5 Qe7 20. Rad1 Qc5+ 21.
Rf2 Nb6 22. Rdd2 Qe3 23. Rde2 Qc5 24. b4 Qe7 25. a3 Nc4 26. Qb3 b5 27. Na2 a5
28. c3 a4 29. Qd1 Nxa3 30. Qd4 Nc4 31. Nc1 Qa7 32. Bh3 Qxd4 33. cxd4 Be4 34. f5
exf5 35. Bxf5 Bxf5 36. Rxf5 a3 37. Na2 Rae8 38. Kf2 Re6 39. Kf3 f6 40. Kf4
fxe5+ 41. dxe5 Rxf5+ 42. Kxf5 Kf7 43. h4 g6+ 44. Kf4 Nd6 45. Re3 Nc4 46. Re2
Kg7 47. g4 Kf7 48. Re1 Nb2 49. Nc1 a2 0-1

[Event "BPB Limburg-open C"]
[Site "Maastricht"]
[Date "2015.05.22"]
[Round "1"]
[White "Overmeer, Henk"]
[Black "Fortenbacher, Dominic"]
[Result "0-1"]
[WhiteElo "1644"]
[BlackElo "1520"]
[PlyCount "94"]
[EventDate "2015.05.22"]
[EventType "swiss"]
[EventRounds "7"]
[EventCountry "NED"]
[Source "P.Boonen"]
[SourceDate "2015.01.01"]

1. d4 d5 2. c4 e6 3. Nf3 c6 4. Nc3 Nf6 5. Bg5 Nbd7 6. e3 Bb4 7. a3 Bxc3+ 8.
bxc3 Qa5 9. Bxf6 Qxc3+ 10. Nd2 Nxf6 11. Rc1 Qxa3 12. Be2 Qe7 13. O-O O-O 14.
Re1 e5 15. dxe5 Qxe5 16. Nf3 Qe7 17. cxd5 Nxd5 18. Bd3 Nb4 19. Bb1 Rd8 20. Qb3
Be6 21. Qb2 Nd3 22. Bxd3 Rxd3 23. Nd4 Ra3 24. Nxe6 fxe6 25. Red1 Ra5 26. Rd4
Rb5 27. Qe2 Rd5 28. Rdc4 Rad8 29. g3 Qf7 30. Rf4 Rf5 31. Rcc4 Qd7 32. Rcd4 Rd5
33. Rde4 Rf5 34. Kg2 Qd5 35. Qf3 g5 36. Rxf5 exf5 37. Re7 Qxf3+ 38. Kxf3 Rb8
39. h4 a5 40. hxg5 a4 41. Kf4 a3 42. Rd7 a2 43. Rd1 b5 44. Kxf5 b4 45. g6 hxg6+
46. Kxg6 b3 47. Rd7 a1=Q 0-1